000 00463nam a2200193Ia 4500
005 20240823031015.0
008 240823s9999||||xx |||||||||||||| ||und||
020 _a978-81-315-1453-5
041 _aENGLISH
082 _A621.3 Q1
100 _aThe Gate Academy
245 0 _aElectrical Engineering for GATE
250 _a1st
260 _c2011
_bCengage Learning
_aNew Delhi
500 _aYES
650 _aGATE
_bGeneral
942 _cBK
999 _c190050
_d190050